Olive Oil Dishes - Sudden Death - Statistics

General Stats
  • This quiz has been taken 65 times
  • The average score is 6 of 16
Answers on the Grid
Answers color-coded by a green-red scale on the quiz's grid according to % correct below.
Focaccia genovese
Caesar salad
Greek salad
Niçoise salad
Hummus
Baba ganoush
Tabbouleh
Pesto rigatoni
Lablabi
Tzatziki
Carpaccio
Moules à la provençale
Kokotxas / Cocochas
Ratatouille
Caprese salad
Fattoush
Bibimbap
Cacio e pepe
Shrimp tempura
Bulgogi
Moules marinières
Risotto alla milanese
Périgourdine salad
Sole meunière
Mesclun
Guacamole
Oil down
Lalab
 
Answer Stats
Answer % Correct
Greek salad
67%
Caprese salad
56%
Carpaccio
56%
Hummus
56%
Ratatouille
56%
Pesto rigatoni
49%
Focaccia genovese
46%
Baba ganoush
33%
Caesar salad
31%
Fattoush
31%
Tabbouleh
28%
Niçoise salad
26%
Tzatziki
26%
Moules à la provençale
23%
Kokotxas / Cocochas
5%
Lablabi
0%
No matching quizzes found
Score Distribution
Percent of People with Each Score
Percentile by Number Answered
Your Score History
You have not taken this quiz